000 00585nam a2200193Ia 4500
005 20260114185708.0
008 008 260114s9999 xx 000 0 eng d
020 _a9780755622078
037 _aEBOOK
040 _aCRL
_beng
_cCRL
041 _aeng
_2eng
084 _qCRL
100 _aLinda Kelly
_9873243
245 0 _aIreland's Minstrel A Life of Tom Moore, Poet, Patriot and Byron's Friend
260 _bBloomsbury
_c2006
856 _uhttps://doi.org/10.5040/9780755622078?locatt=label:secondary_bloomsburyCollections
942 _cEBOOK
999 _c1472191
_d1472191